Perangkaan tahunan perikanan

Bibliographic Details
Corporate Author: Malaysia Kementerian Pertanian Jabatan Perikanan
Format: Book
Published: Kuala Lumpur Jabatan Perikanan Malaysia [19--]-
Subjects:

MARC

LEADER 00000cam a2200000 7i4500
001 0000000388
008 021118n
090 0 0 |a SH331.5.S75  |b P47 ff 
245 0 0 |a Perangkaan tahunan perikanan   |l Annual fisheries statistics 
260 2 |a Kuala Lumpur   |b Jabatan Perikanan Malaysia  |c [19--]- 
650 0 |a Fisheries  |z Malaysia  |v Periodicals 
650 0 |a Fisheries  |z Malaysia  |x Statistics  |v Periodicals 
710 1 1 |a Malaysia  |b Kementerian Pertanian  |b Jabatan Perikanan 
745 0 0 |a Annual fisheries statistics 
999 |a 1000045369  |b Serials  |c Reference  |e Tembila Campus 
999 |a 1000052073  |b Serials  |c Reference  |e Tembila Campus 
999 |a 1000052074  |b Serials  |c Reference  |e Tembila Campus 
999 |a 1000052075  |b Serials  |c Reference  |e Tembila Campus 
999 |a 1000052076  |b Serials  |c Reference  |e Tembila Campus 
999 |a 1000052077  |b Serials  |c Reference  |e Tembila Campus 
999 |a 1000052078  |b Serials  |c Reference  |e Tembila Campus 
999 |a 1000052261  |b Serials  |c Reference  |e Tembila Campus